000
00285nam a22001337a 4500
008
180109b xxu||||| |||| 00| 0 eng d
020
_a
9780073053776
041
_a
eng
080
_a
94
100
_a
16
101
_a
HIS
245
_a
WORLD HISTORY
_c
MITCHEL.J.R
942
_2
udc
_c
BK
999
_c
39955
_d
39955